00795nam a2200193 4500003001100000005001700011008004100028020001600069040003900085041000800124082001500132100002200147245014100169260008400310300002400394490005600418650002000474856010700494LK-CoMWRAF20231203125612.0231203b2005 |||||||| |||| 00| 0 eng d a 9834240058 aLK-CoMWRAFdLK-CoMWRAFeLK-CoMWRAF aeng a306.8bCHI aChiongson, Rea A. aThe right to decide if, when and whom to marry :b obligations of the state under CEDAW and other international human rights instruments a Kuala Lumpur: bInternational Women's Rights Action Watch Asia Pacific, c2004 a ii, 33 p. ; 22 cm. aIWRAW Asia Pacific occasional papers series vNo. 6 aFORCED MARRIAGE uhttps://www.iwraw-ap.org/wp-content/uploads/2018/08/OPS_6-THE-RIGHT-TO-DECIDE-IFWHEN-WHOM-TO-MARRY.pdf